[Event "27th ECC Women 2023"]
[Site "Durres ALB"]
[Date "2023.10.07"]
[Round "7.1"]
[Board "3"]
[White "Hunt, Harriet V"]
[Black "Cyfka, Karina"]
[Result "0-1"]
[WhiteTitle "IM"]
[BlackTitle "IM"]
[WhiteElo "2316"]
[BlackElo "2350"]
[WhiteTeam "Wood Green"]
[BlackTeam "Teuta"]
[WhiteFideId "403512"]
[BlackFideId "1122681"]
[EventDate "2023.10.01"]

1. e4 e5 2. Nf3 Nc6 3. Bb5 a6 4. Ba4 Nf6 5. O-O Be7 6. d3 b5 7. Bb3 O-O 8. a3 d6
9. Nc3 h6 10. h3 Be6 11. Nd5 Qd7 12. c3 Bd8 13. Re1 Nh7 14. d4 exd4 15. cxd4 Na5
16. Bc2 Qc8 17. Nf4 Bd7 18. Qd3 Re8 19. Bd2 c5 20. e5 Nf8 21. exd6 c4 22. Qc3
Nb7 23. Rxe8 Bxe8 24. Qe3 c3 25. Bxc3 Nxd6 26. Rc1 Bd7 27. Ne5 Bg5 28. Nxd7 Qxd7
29. Qf3 Qb7 30. d5 Ng6 31. Nxg6 Bxc1 32. Ne5 Re8 33. Qd3 f5 34. g4 Qe7 35. gxf5
Bf4 36. Nf3 Ne4 37. Bb3 Bd6 38. Bb4 Qf6 39. Bxd6 Nxd6 40. Kg2 Qxb2 41. Nd4 Re5
42. Bc2 Qc1 43. Ne6 Re1 44. f6 Ne4 45. fxg7 Rg1+ 46. Kf3 Nd2+ 47. Kf4 Nc4+ 48.
Kf5 Qe1 49. f4 Nd6+ 50. Kf6 Qh4+ 51. Ke5 Nc4+ 52. Kf5 Rg3 53. Qd4 Qxh3+ 54. Kf6
Qh4+ 55. Kf5 Re3 56. Qc5 Qh5+ 57. Ng5 Re8 58. Bd1 Qxd1 59. Ne6 Qh5+ 0-1

[Event "27th ECC Women 2023"]
[Site "Durres ALB"]
[Date "2023.10.07"]
[Round "7.1"]
[Board "4"]
[White "Caku, Kler"]
[Black "Toma, Katarzyna"]
[Result "0-1"]
[BlackTitle "WGM"]
[WhiteElo "1697"]
[BlackElo "2224"]
[WhiteTeam "Teuta"]
[BlackTeam "Wood Green"]
[WhiteFideId "4704703"]
[BlackFideId "1119907"]
[EventDate "2023.10.01"]

1. e4 c5 2. Nf3 d6 3. Bb5+ Nd7 4. O-O a6 5. Bxd7+ Bxd7 6. c3 Nf6 7. Re1 Bc6 8.
d3 e6 9. Nbd2 Be7 10. Nf1 O-O 11. Ng3 Rc8 12. Bf4 b5 13. h3 Bb7 14. Qd2 Qd7 15.
Rad1 Rfd8 16. Qe2 Qc6 17. Nh2 d5 18. Ng4 dxe4 19. dxe4 Rxd1 20. Nxf6+ Bxf6 21.
Rxd1 Rd8 22. Re1 g6 23. Qg4 Bg7 24. h4 e5 25. Bg5 f6 26. Bc1 f5 27. Qe2 f4 28.
Nf1 c4 29. g3 Qf6 30. Nh2 Rd3 31. Ng4 Qe7 32. f3 fxg3 33. Bg5 Qc5+ 34. Kg2 h5
35. Ne3 Qd6 36. Nf1 Qd7 37. Nxg3 Bc8 38. Kf2 Bf8 39. Be3 Bc5 40. Bxc5 Rd2 41.
Qxd2 Qxd2+ 42. Re2 Qd8 43. Re1 Qxh4 44. Rh1 Qd8 45. Be3 h4 46. Ne2 h3 47. Rh2
Qd1 48. a3 Qc2 49. Bc1 a5 50. Rh1 b4 51. axb4 axb4 52. Rh2 Kf7 53. Rh1 Bd7 54.
Rh2 g5 55. Kg3 g4 56. Rf2 gxf3 57. Rxf3+ Ke8 58. Rf2 b3 59. Rh2 Qxe4 60. Rf2
Qd3+ 61. Kh2 Bg4 62. Ng3 e4 63. Rd2 Qb1 64. Rd4 Qc2+ 65. Bd2 e3 66. Re4+ Kd8 0-1

[Event "27th ECC Women 2023"]
[Site "Durres ALB"]
[Date "2023.10.07"]
[Round "7.2"]
[Board "1"]
[White "Batsiashvili, Nino"]
[Black "Khotenashvili, Bella"]
[Result "1/2-1/2"]
[WhiteTitle "GM"]
[BlackTitle "GM"]
[WhiteElo "2475"]
[BlackElo "2483"]
[WhiteTeam "Superchess"]
[BlackTeam "Garuda Ajka BSK"]
[WhiteFideId "13602993"]
[BlackFideId "13602640"]
[EventDate "2023.10.01"]

1. c4 Nf6 2. Nc3 c5 3. Nf3 Nc6 4. d4 cxd4 5. Nxd4 g6 6. e4 d6 7. Be2 Nxd4 8.
Qxd4 Bg7 9. Be3 O-O 10. Qd2 a5 11. Rd1 a4 12. c5 Qa5 13. cxd6 exd6 14. O-O a3
15. bxa3 Be6 16. Bd4 Qxa3 17. Nb5 Qxa2 18. Nxd6 Rfd8 19. e5 Ng4 20. Qxa2 Rxa2
21. Bxg4 Bxg4 22. f3 Be6 23. Nxb7 Rd5 24. Ba1 Re2 25. Rxd5 Bxd5 26. Nc5 Bxe5 27.
Bxe5 Rxe5 28. Nd3 Re2 29. Nf4 Rd2 30. Nxd5 Rxd5 1/2-1/2

[Event "27th ECC Women 2023"]
[Site "Durres ALB"]
[Date "2023.10.07"]
[Round "7.2"]
[Board "2"]
[White "Salimova, Nurgyul"]
[Black "Wagner, Dinara"]
[Result "0-1"]
[WhiteTitle "IM"]
[BlackTitle "WGM"]
[WhiteElo "2424"]
[BlackElo "2461"]
[WhiteTeam "Garuda Ajka BSK"]
[BlackTeam "Superchess"]
[WhiteFideId "2915138"]
[BlackFideId "24157570"]
[EventDate "2023.10.01"]

1. d4 Nf6 2. Nf3 d5 3. c4 e6 4. cxd5 exd5 5. Nc3 Bb4 6. Bg5 h6 7. Bxf6 Qxf6 8.
Rc1 Qd6 9. e3 O-O 10. a3 Ba5 11. Bd3 c6 12. Bb1 Nd7 13. Qc2 Nf6 14. O-O g6 15.
Qd2 Bxc3 16. Rxc3 Ne4 17. Bxe4 dxe4 18. Ne5 Be6 19. Rfc1 Bd5 20. Qc2 Kg7 21. f3
exf3 22. e4 Be6 23. Nxf3 Bg4 24. Qf2 Rad8 25. Ne5 Be6 26. Rd3 f5 27. Qg3 Rf6 28.
Rf1 c5 29. exf5 Bxf5 30. Rdf3 Qxd4+ 31. Kh1 Kh7 32. h4 Re8 33. Ng4 Rfe6 34. Rf4
Qd6 35. Qc3 h5 36. Nh2 Qe5 37. Qb3 Qc7 38. Nf3 Re3 39. Ng5+ Kg7 40. Qc4 Re1 41.
Qc3+ Qe5 42. Qc4 Re7 43. Rxe1 Qxe1+ 44. Rf1 b5 45. Qf4 Qe5 46. Qf3 Qxb2 47. Qc6
Qxa3 48. Qd6 Qe3 49. Nf3 Rd7 50. Qa6 b4 51. Re1 Qc3 52. Kh2 Qf6 53. Qc4 Rd4 54.
Qxc5 Qd6+ 55. Qxd6 Rxd6 56. Re7+ Kf6 57. Rxa7 Rb6 58. Ra2 b3 59. Rb2 Be4 60. Nd4
Bd5 61. Kg3 Ke5 62. Ne2 Bc4 63. Kf3 Bxe2+ 64. Kxe2 Kf4 65. Kf2 Kg4 66. g3 Rf6+
67. Kg2 Rf3 0-1

[Event "27th ECC Women 2023"]
[Site "Durres ALB"]
[Date "2023.10.07"]
[Round "7.2"]
[Board "3"]
[White "Bulmaga, Irina"]
[Black "Injac, Teodora"]
[Result "0-1"]
[WhiteTitle "IM"]
[BlackTitle "IM"]
[WhiteElo "2423"]
[BlackElo "2426"]
[WhiteTeam "Superchess"]
[BlackTeam "Garuda Ajka BSK"]
[WhiteFideId "13903063"]
[BlackFideId "932400"]
[EventDate "2023.10.01"]

1. e4 e5 2. Nf3 Nc6 3. Bb5 Nf6 4. O-O Nxe4 5. Re1 Nd6 6. a4 Be7 7. Nc3 a6 8. Bf1
e4 9. Nxe4 Nxe4 10. Rxe4 d5 11. Re1 Bg4 12. h3 Bh5 13. Be2 O-O 14. d4 Re8 15.
Ne5 Bxe2 16. Rxe2 Nxe5 17. dxe5 Qd7 18. Qd3 b5 19. Bf4 bxa4 20. Rd2 Qb5 21. Qd4
c6 22. Be3 Rab8 23. c3 a3 24. bxa3 Qa5 25. Rd3 Bf8 26. a4 Rb3 27. h4 Qc7 28.
Rad1 Qxe5 29. Qa7 Rxc3 30. Rxc3 Qxc3 31. Rc1 Qd3 32. Rxc6 Qd1+ 33. Kh2 Qxa4 34.
Rxa6 Qxh4+ 35. Kg1 Qg4 36. Qd4 Qxd4 37. Bxd4 f6 38. f3 h5 39. Ra5 Rd8 40. Kf2
Kf7 41. Bb6 Rd7 42. Ke3 Rb7 43. Bd4 Ke6 44. Ra6+ Kf5 45. Ra5 Rd7 46. Bc3 h4 47.
Rb5 g5 48. Bb2 Be7 49. Bd4 Bd8 50. Ke2 Bc7 51. Rb7 Ke6 52. Kd3 Be5 53. Rb6+ Rd6
54. Rb5 Bxd4 55. Kxd4 Ra6 56. Rb2 Ra4+ 57. Ke3 Ke5 58. Re2 d4+ 59. Kf2+ Kd5 60.
Re8 Ra2+ 61. Kf1 d3 62. Rd8+ Kc4 63. Rc8+ Kd4 64. Rd8+ Ke3 65. Re8+ Kf4 66. Rd8
Kg3 67. Rxd3 Ra1+ 68. Ke2 Kxg2 69. Rd6 Ra2+ 70. Ke3 Ra3+ 0-1

[Event "27th ECC Women 2023"]
[Site "Durres ALB"]
[Date "2023.10.07"]
[Round "7.2"]
[Board "4"]
[White "Gaal, Zsoka"]
[Black "Efroimski, Marsel"]
[Result "0-1"]
[WhiteTitle "WIM"]
[BlackTitle "IM"]
[WhiteElo "2305"]
[BlackElo "2447"]
[WhiteTeam "Garuda Ajka BSK"]
[BlackTeam "Superchess"]
[WhiteFideId "777765"]
[BlackFideId "2810964"]
[EventDate "2023.10.01"]

1. d4 d5 2. c4 e6 3. Nc3 h6 4. cxd5 exd5 5. Bf4 c6 6. e3 Nf6 7. Bd3 Bd6 8. Bxd6
Qxd6 9. h3 Nbd7 10. Nf3 O-O 11. O-O b6 12. Rc1 Re8 13. Qc2 Bb7 14. Qb1 c5 15.
Nb5 Qb8 16. dxc5 bxc5 17. b4 c4 18. Bf5 Ne5 19. Nbd4 Bc8 20. Nxe5 Qxe5 21. Rfd1
g6 22. Bxg6 fxg6 23. Qxg6+ Kh8 24. Qxh6+ Nh7 25. Nf3 Qf6 26. Qh5 Be6 27. Ne5 Rg8
28. f4 Rg3 29. Nf3 Rag8 30. Ng5 R8xg5 31. fxg5 Qb2 32. Qe8+ Kg7 33. Qe7+ Bf7 34.
Rc2 Qxc2 35. Qe5+ Kg8 36. Qxg3 Qxd1+ 37. Kh2 Nf8 0-1

[Event "27th ECC Women 2023"]
[Site "Durres ALB"]
[Date "2023.10.07"]
[Round "7.3"]
[Board "1"]
[White "Danielian, Elina"]
[Black "Ushenina, Anna"]
[Result "1-0"]
[WhiteTitle "GM"]
[BlackTitle "GM"]
[WhiteElo "2416"]
[BlackElo "2434"]
[WhiteTeam "SK Crvena zvezda Data Driven Lab"]
[BlackTeam "SP Gaz Ukraine"]
[WhiteFideId "13300210"]
[BlackFideId "14110911"]
[EventDate "2023.10.01"]

1. d4 d5 2. Nf3 Nf6 3. c4 e6 4. Nc3 Be7 5. Bf4 O-O 6. e3 b6 7. Bd3 Ba6 8. cxd5
Nxd5 9. Nxd5 Qxd5 10. O-O Rc8 11. a3 Bxd3 12. Qxd3 Nd7 13. Rac1 Qb7 14. h4 h6
15. Rc2 c5 16. Rfc1 Rd8 17. Qe2 Bf6 18. e4 Rac8 19. dxc5 Rxc5 20. b4 Rxc2 21.
Qxc2 b5 22. e5 Be7 23. Qc7 Qb8 24. Qxb8 Nxb8 25. Be3 a6 26. Bb6 Re8 27. Rc7 Kf8
28. g3 Rd8 29. Kf1 Ke8 30. Nd4 Nd7 31. Nc6 Ra8 32. Ba5 Bd8 33. Nxd8 Rxd8 34. f4
Ra8 35. h5 g6 36. hxg6 fxg6 37. Ke2 Ke7 38. Kf3 h5 39. Rc6 g5 40. Bc7 gxf4 41.
Bd6+ Kf7 42. Rc7 Ke8 43. gxf4 a5 44. bxa5 Rxa5 45. Kg3 Kd8 46. Rc6 Ra7 47. Bb4
Nb8 48. Rxe6 Ra6 49. Rxa6 Nxa6 50. Bd6 Kd7 51. f5 1-0

[Event "27th ECC Women 2023"]
[Site "Durres ALB"]
[Date "2023.10.07"]
[Round "7.3"]
[Board "2"]
[White "Javakhishvili, Lela"]
[Black "Rapport, Jovana"]
[Result "1/2-1/2"]
[WhiteTitle "IM"]
[BlackTitle "WGM"]
[WhiteElo "2437"]
[BlackElo "2324"]
[WhiteTeam "SP Gaz Ukraine"]
[BlackTeam "SK Crvena zvezda Data Driven Lab"]
[WhiteFideId "13601458"]
[BlackFideId "937266"]
[EventDate "2023.10.01"]

1. d4 Nf6 2. c4 g6 3. Nc3 Bg7 4. e4 d6 5. Be2 Na6 6. Nf3 O-O 7. O-O e5 8. Be3 c6
9. Qc2 Ng4 10. Bg5 f6 11. Bc1 f5 12. Bg5 Qc7 13. dxe5 Nxe5 14. Qd2 Nc5 15. exf5
Nxf3+ 16. Bxf3 Bxf5 17. Rad1 Be5 18. Bh6 Rf7 19. b4 Ne6 20. Be3 g5 21. Bh5 Rff8
22. Ne2 Ng7 23. f4 gxf4 24. Nxf4 Nxh5 25. Nxh5 Bg4 26. Nf4 Bxd1 27. Qxd1 Qd7 28.
Rf3 Rf7 29. Nd3 Bg7 30. Bf4 a5 31. Qa4 Rf5 32. h3 Qd8 33. Kh2 axb4 34. Qxb4 Rf7
35. Rg3 c5 36. Qd2 Kh8 37. Qe2 Qd7 38. Re3 b5 39. Bg3 bxc4 40. Nf4 d5 41. Ne6 d4
42. Re4 d3 43. Qh5 Re7 44. Rh4 Bf6 45. Nxc5 Qe8 46. Qf5 Bxh4 47. Bxh4 Rg7 48.
Bf6 Qb8+ 49. Kh1 Qg3 50. Bxg7+ Qxg7 51. Ne6 Qa1+ 52. Kh2 Re8 53. Qf4 d2 54. Nd4
d1=Q 55. Qf6+ Kg8 56. Qg5+ Kh8 57. Qf6+ Kg8 58. Qg5+ Kh8 59. Qf6+ Kg8 1/2-1/2

[Event "27th ECC Women 2023"]
[Site "Durres ALB"]
[Date "2023.10.07"]
[Round "7.3"]
[Board "3"]
[White "Mkrtchian, Lilit"]
[Black "Daulyte-Cornette, Deimante"]
[Result "0-1"]
[WhiteTitle "IM"]
[BlackTitle "IM"]
[WhiteElo "2389"]
[BlackElo "2360"]
[WhiteTeam "SK Crvena zvezda Data Driven Lab"]
[BlackTeam "SP Gaz Ukraine"]
[WhiteFideId "13300601"]
[BlackFideId "12802859"]
[EventDate "2023.10.01"]

1. Nf3 Nf6 2. g3 c5 3. c4 Nc6 4. Bg2 d5 5. cxd5 Nxd5 6. O-O e5 7. Nc3 Be6 8. d3
Be7 9. Bd2 O-O 10. Nxd5 Bxd5 11. Bc3 Qc7 12. a4 b6 13. Nd2 Bxg2 14. Kxg2 Rad8
15. f3 a6 16. Qb3 Rb8 17. Nc4 b5 18. axb5 axb5 19. Ne3 Nd4 20. Bxd4 exd4 21. Nd5
Qd7 22. Rfe1 Rfd8 23. Nxe7+ Qxe7 24. Ra5 c4 25. Qc2 c3 26. bxc3 Qc7 27. Rea1
dxc3 28. Ra7 Qe5 29. R1a5 h5 30. Qa2 Qe8 31. Rc7 b4 32. Rf5 Rd7 33. Rxd7 Qxd7
34. Rd5 Qc6 35. Rf5 b3 36. Qa7 Qb7 0-1

[Event "27th ECC Women 2023"]
[Site "Durres ALB"]
[Date "2023.10.07"]
[Round "7.3"]
[Board "4"]
[White "Zhukova, Natalia"]
[Black "Velikic, Adela"]
[Result "0-1"]
[WhiteTitle "GM"]
[BlackTitle "WIM"]
[WhiteElo "2303"]
[BlackElo "2274"]
[WhiteTeam "SP Gaz Ukraine"]
[BlackTeam "SK Crvena zvezda Data Driven Lab"]
[WhiteFideId "14101513"]
[BlackFideId "913553"]
[EventDate "2023.10.01"]

1. c4 e6 2. Nf3 d5 3. g3 d4 4. Bg2 c5 5. O-O Nc6 6. e3 Nf6 7. exd4 cxd4 8. d3 h6
9. Na3 Bc5 10. Nc2 O-O 11. Re1 a5 12. h3 Re8 13. Bf4 Nd7 14. g4 e5 15. Bg3 Bd6
16. Re2 Nf6 17. Nd2 Bd7 18. Qf1 Qb8 19. Rae1 Nb4 20. Nxb4 axb4 21. c5 Bc7 22.
Nc4 e4 23. Nd6 Bxd6 24. Bxd6 Qc8 25. Bxe4 Nxe4 26. Rxe4 Rxa2 27. Rxd4 Bc6 28.
Rxb4 Qa8 29. Rxe8+ Qxe8 30. Qc1 Qe2 31. Qe3 Ra1+ 32. Kh2 Rh1+ 33. Kg3 Rg1+ 34.
Kf4 Qf1 35. Be5 Rg2 36. Bd4 Rh2 37. Rc4 Rxh3 38. Rc1 Qg2 39. Rg1 Rf3+ 0-1

[Event "27th ECC Women 2023"]
[Site "Durres ALB"]
[Date "2023.10.07"]
[Round "7.4"]
[Board "1"]
[White "Van Foreest, Machteld"]
[Black "Song, Yuxin"]
[Result "1/2-1/2"]
[WhiteTitle "FM"]
[BlackTitle "WIM"]
[WhiteElo "2266"]
[BlackElo "2404"]
[WhiteTeam "Schachgesellschaft Solingen"]
[BlackTeam "TAJFUN SK Ljubljana"]
[WhiteFideId "1051563"]
[BlackFideId "8614300"]
[EventDate "2023.10.01"]

1. e4 c5 2. Nf3 d6 3. d4 cxd4 4. Nxd4 Nf6 5. Nc3 a6 6. g3 e5 7. Nb3 Be7 8. Bg2
O-O 9. O-O Be6 10. a4 Qc7 11. Re1 Rc8 12. Nd2 Nc6 13. Nf1 Nd4 14. Be3 Ng4 15. h3
Nxe3 16. Nxe3 Bd8 17. Kh2 Bg5 18. h4 Bxe3 19. fxe3 Nc6 20. Bh3 Qd7 21. Bxe6 fxe6
22. Rf1 Rf8 23. Qg4 Rxf1 24. Rxf1 Rf8 25. Rxf8+ Kxf8 26. Qh5 Kg8 27. Kg2 Nb4 28.
Qe2 Qc6 29. Qg4 Qc8 30. Qd1 Qc6 31. Qg4 Qc8 32. Qd1 1/2-1/2

[Event "27th ECC Women 2023"]
[Site "Durres ALB"]
[Date "2023.10.07"]
[Round "7.4"]
[Board "2"]
[White "Buksa, Nataliya"]
[Black "Muetsch, Annmarie"]
[Result "1-0"]
[WhiteTitle "IM"]
[BlackTitle "WIM"]
[WhiteElo "2361"]
[BlackElo "2262"]
[WhiteTeam "TAJFUN SK Ljubljana"]
[BlackTeam "Schachgesellschaft Solingen"]
[WhiteFideId "14123622"]
[BlackFideId "12971367"]
[EventDate "2023.10.01"]

1. e4 d6 2. d4 Nf6 3. Nc3 e5 4. Nf3 Nbd7 5. Bc4 Be7 6. O-O O-O 7. a4 a6 8. h3 b6
9. Qe2 c6 10. Rd1 Qc7 11. Ba2 Rb8 12. Be3 b5 13. axb5 axb5 14. b4 d5 15. exd5
Bxb4 16. Qd3 e4 17. Nxe4 cxd5 18. Ng3 g6 19. Ne5 Bd6 20. Nxd7 Bxd7 21. Bg5 Be7
22. Re1 Bd8 23. Qf3 Rb6 24. Bb3 Re6 25. Re3 Qb6 26. Ra8 Bc6 27. Rc8 Bd7 28. Rxd8
Qxd8 29. Bxd5 Rd6 30. Ne4 Bf5 31. Nxf6+ Rxf6 32. g4 Be6 33. Qxf6 Qxf6 34. Bxf6
Bxd5 35. Re5 Bc4 36. d5 1-0

[Event "27th ECC Women 2023"]
[Site "Durres ALB"]
[Date "2023.10.07"]
[Round "7.4"]
[Board "3"]
[White "Jarocka, Liwia"]
[Black "Unuk, Laura"]
[Result "1/2-1/2"]
[WhiteTitle "FM"]
[BlackTitle "IM"]
[WhiteElo "2208"]
[BlackElo "2313"]
[WhiteTeam "Schachgesellschaft Solingen"]
[BlackTeam "TAJFUN SK Ljubljana"]
[WhiteFideId "21807558"]
[BlackFideId "14609215"]
[EventDate "2023.10.01"]

1. e4 e5 2. Nf3 Nc6 3. Bb5 a6 4. Ba4 Bc5 5. c3 Nge7 6. d4 exd4 7. cxd4 Bb4+ 8.
Nc3 d5 9. exd5 Nxd5 10. Bxc6+ bxc6 11. O-O O-O 12. Qd3 Be7 13. Ne5 Bb7 14. Ne4
f6 15. Nf3 a5 16. Re1 Ba6 17. Qd1 Rb8 18. a3 Re8 19. Qc2 Bb5 20. Bd2 a4 21. Rac1
Qd7 22. Nc3 Nxc3 23. bxc3 Bc4 24. Qxa4 Bb3 25. Qa6 Ra8 26. Qd3 Bxa3 27. Rxe8+
Qxe8 28. Re1 Qf7 29. Ra1 Bc4 30. Qe4 Bd5 31. Qd3 Bc4 32. Qe4 Bd5 1/2-1/2

[Event "27th ECC Women 2023"]
[Site "Durres ALB"]
[Date "2023.10.07"]
[Round "7.4"]
[Board "4"]
[White "Urh, Zala"]
[Black "Bashylina, Luisa"]
[Result "0-1"]
[WhiteTitle "WIM"]
[BlackTitle "WFM"]
[WhiteElo "2216"]
[BlackElo "2192"]
[WhiteTeam "TAJFUN SK Ljubljana"]
[BlackTeam "Schachgesellschaft Solingen"]
[WhiteFideId "14611481"]
[BlackFideId "12983292"]
[EventDate "2023.10.01"]

1. d4 Nf6 2. c4 g6 3. g3 Bg7 4. Bg2 d5 5. cxd5 Nxd5 6. e4 Nb4 7. a3 N4c6 8. d5
Nd4 9. Nc3 O-O 10. Be3 c5 11. Nge2 e5 12. O-O b6 13. Rb1 Ba6 14. b4 Nd7 15. f4
Qe7 16. Qd2 Bc4 17. Rfd1 Rfe8 18. fxe5 Nxe2+ 19. Nxe2 Nxe5 20. bxc5 bxc5 21. d6
Qd7 22. Bxc5 Nd3 23. Qc2 Nxc5 24. Qxc4 Re5 25. Nf4 Rd8 26. Rbc1 Qb7 27. Nd5 Ne6
28. Ne7+ Kf8 29. Qc6 Qb3 30. Nd5 Qxa3 31. d7 Rh5 32. Nc7 Bd4+ 33. Rxd4 Nxd4 34.
Qc4 Qxc1+ 35. Qxc1 Ne2+ 36. Kf2 Nxc1 37. Nd5 Rxd7 38. Nf6 Rd2+ 0-1

[Event "27th ECC Women 2023"]
[Site "Durres ALB"]
[Date "2023.10.07"]
[Round "7.5"]
[Board "1"]
[White "Atalik, Ekaterina"]
[Black "Tsolakidou, Stavroula"]
[Result "1-0"]
[WhiteTitle "IM"]
[BlackTitle "IM"]
[WhiteElo "2394"]
[BlackElo "2385"]
[WhiteTeam "Gokturk Chess Sport Club"]
[BlackTeam "MSK Centar Asseco See"]
[WhiteFideId "4130189"]
[BlackFideId "4264312"]
[EventDate "2023.10.01"]

1. c4 Nf6 2. Nf3 g6 3. b4 a5 4. b5 Bg7 5. Bb2 d6 6. d4 O-O 7. e3 e5 8. Be2 e4 9.
Nfd2 Re8 10. Nc3 h5 11. h3 h4 12. Qc2 Qe7 13. O-O-O c6 14. Kb1 cxb5 15. cxb5 Be6
16. f3 exf3 17. gxf3 d5 18. Bd3 Nh5 19. Nf1 Nd7 20. f4 Nb6 21. f5 gxf5 22. Rg1
f4 23. exf4 Bxh3 24. Nh2 Nxf4 25. Bc1 Nh5 26. Nf3 Ng3 27. Qh2 Qb4+ 28. Bb2 Bf5
29. Nxh4 Bxd3+ 30. Rxd3 Nh5 31. Nf5 Na4 32. Nxa4 Re1+ 33. Rd1 Rxd1+ 34. Rxd1 1-0

[Event "27th ECC Women 2023"]
[Site "Durres ALB"]
[Date "2023.10.07"]
[Round "7.5"]
[Board "2"]
[White "Narva, Mai"]
[Black "Rakhmangulova, Anastasiya"]
[Result "1/2-1/2"]
[WhiteTitle "IM"]
[BlackTitle "WIM"]
[WhiteElo "2399"]
[BlackElo "2354"]
[WhiteTeam "MSK Centar Asseco See"]
[BlackTeam "Gokturk Chess Sport Club"]
[WhiteFideId "4500512"]
[BlackFideId "14117479"]
[EventDate "2023.10.01"]

1. e4 c5 2. Nf3 d6 3. d4 cxd4 4. Nxd4 Nf6 5. Nc3 a6 6. Bc4 e6 7. Be3 b5 8. Bb3
Bb7 9. Qe2 Nbd7 10. f3 Nc5 11. g4 Nfd7 12. h4 Be7 13. g5 Qa5 14. Qd2 b4 15. Nce2
d5 16. exd5 Nxb3 17. Nxb3 Qxd5 18. Qxd5 Bxd5 19. Kf2 Rc8 20. Rac1 Ne5 21. Rh3
Nc4 22. Nf4 Nxe3 23. Kxe3 Ba8 24. Rhh1 Rc4 25. c3 O-O 26. cxb4 Rxb4 27. Nd3 Rxh4
28. Rxh4 Bxg5+ 29. Rf4 e5 30. Nxe5 Re8 31. Rc4 f6 32. Kf2 Bxf4 33. Rxf4 Rxe5 34.
Ra4 Bb7 35. Nd4 Rc5 36. Rb4 Bd5 37. a3 Kf7 38. Rb6 a5 39. Rd6 Ba2 40. Ra6 Rd5
41. Ke3 g5 42. b4 axb4 43. axb4 Bc4 44. Rc6 Re5+ 45. Kf2 Bd5 46. Rd6 Be6 47. Ra6
Bd7 48. Ra7 Rd5 49. Ke3 Kg6 50. Rb7 h5 51. b5 h4 52. b6 h3 53. Rb8 h2 54. Rh8
Rd6 55. b7 Rb6 56. Rxh2 Rxb7 57. Ra2 Rb6 58. Ra8 f5 59. Rg8+ Kf6 60. f4 g4 61.
Ra8 Ke7 62. Ra5 Rf6 63. Rd5 Kd8 64. Rc5 Rf7 65. Kf2 Ke7 66. Ra5 Kf6 67. Ra6+ Kg7
68. Rd6 Bc8 69. Kg3 Ra7 70. Rd8 Ra3+ 71. Kf2 Rc3 72. Rd6 Kf7 73. Rb6 Rd3 74. Rd6
g3+ 75. Kg1 Ra3 76. Rd8 Rc3 77. Nb5 Rc1+ 78. Kg2 Ke7 79. Rd3 Rc2+ 80. Kxg3 Bb7
81. Nd6 Be4 82. Nxe4 fxe4 83. Re3 Rc4 84. f5 Kf6 85. Kf4 Rc5 86. Rxe4 Rxf5+ 87.
Ke3 Re5 88. Rxe5 Kxe5 1/2-1/2

[Event "27th ECC Women 2023"]
[Site "Durres ALB"]
[Date "2023.10.07"]
[Round "7.5"]
[Board "3"]
[White "Demeter, Dorina"]
[Black "Radeva, Viktoria"]
[Result "1/2-1/2"]
[WhiteTitle "WFM"]
[BlackTitle "WGM"]
[WhiteElo "2115"]
[BlackElo "2293"]
[WhiteTeam "Gokturk Chess Sport Club"]
[BlackTeam "MSK Centar Asseco See"]
[WhiteFideId "778079"]
[BlackFideId "2915405"]
[EventDate "2023.10.01"]

1. d4 Nf6 2. c4 e6 3. Nc3 d5 4. cxd5 exd5 5. Bg5 c6 6. e3 Bd6 7. Bd3 O-O 8. Nf3
h6 9. Bh4 Re8 10. O-O Nbd7 11. Qc2 Nf8 12. Bg3 Bxg3 13. hxg3 Bg4 14. Ne5 N8d7
15. Nxg4 Nxg4 16. Bf5 Ngf6 17. b4 Rc8 18. Qb3 g6 19. Bd3 Ng4 20. Be2 Qg5 21.
Bxg4 Qxg4 22. b5 Nf6 23. bxc6 bxc6 24. Qd1 Qg5 25. Ne2 Ne4 26. Nf4 h5 27. Qe2
Kg7 28. Nd3 h4 29. gxh4 Qxh4 30. g3 Nxg3 31. fxg3 Qxg3+ 32. Qg2 Qxe3+ 33. Qf2
Qg5+ 34. Qg2 Qe3+ 35. Qf2 Qg5+ 36. Qg2 1/2-1/2

[Event "27th ECC Women 2023"]
[Site "Durres ALB"]
[Date "2023.10.07"]
[Round "7.5"]
[Board "4"]
[White "Gajcin, Marina"]
[Black "Aydin, Gulenay"]
[Result "1-0"]
[WhiteTitle "WGM"]
[BlackTitle "WFM"]
[WhiteElo "2225"]
[BlackElo "2143"]
[WhiteTeam "MSK Centar Asseco See"]
[BlackTeam "Gokturk Chess Sport Club"]
[WhiteFideId "949086"]
[BlackFideId "34557431"]
[EventDate "2023.10.01"]

1. e4 d6 2. d4 Nf6 3. Nc3 e5 4. Nf3 Nbd7 5. Bc4 Be7 6. a4 O-O 7. O-O c6 8. h3 h6
9. Re1 Re8 10. Be3 exd4 11. Qxd4 Nf8 12. Qd2 Be6 13. Bd3 d5 14. e5 N6d7 15. Ne2
Nc5 16. Bxc5 Bxc5 17. c3 Be7 18. Rad1 Qc7 19. Bb1 a6 20. Nf4 Red8 21. Nd4 Bg5
22. Nfxe6 fxe6 23. f4 Bh4 24. Re2 c5 25. Nf3 Be7 26. f5 exf5 27. Bxf5 b5 28.
axb5 axb5 29. Kh1 Rab8 30. Qf4 Ra8 31. Bc2 Ra7 32. Qf5 Qc6 33. e6 Bf6 34. Ne5
Bxe5 35. Rxe5 Re7 36. Rf1 Qd6 37. Rfe1 Qc6 38. Bb1 c4 39. Rf1 Qd6 40. Re2 Rde8
41. Qf7+ 1-0

[Event "27th ECC Women 2023"]
[Site "Durres ALB"]
[Date "2023.10.07"]
[Round "7.6"]
[Board "1"]
[White "Muzychuk, Mariya"]
[Black "Pavlidou, Ekaterini"]
[Result "1-0"]
[WhiteTitle "GM"]
[BlackTitle "WIM"]
[WhiteElo "2519"]
[BlackElo "2104"]
[WhiteTeam "Monte Carlo"]
[BlackTeam "Galaxias Sports Club"]
[WhiteFideId "14114550"]
[BlackFideId "4213262"]
[EventDate "2023.10.01"]

1. e4 c5 2. c3 d5 3. exd5 Qxd5 4. d4 Nf6 5. Nf3 Bg4 6. Nbd2 Nc6 7. Qa4 Bxf3 8.
Nxf3 Qe4+ 9. Be3 cxd4 10. cxd4 e6 11. Bb5 Bd6 12. O-O O-O 13. h3 Nb4 14. Nd2 Qf5
15. Nc4 Be7 16. Ne5 a6 17. Be2 Qc2 18. Qxc2 Nxc2 19. Rac1 Rac8 20. Bf3 Nd5 21.
Bxd5 exd5 22. Rfd1 Bd6 23. Nd7 Rfd8 24. Nb6 Nxe3 25. fxe3 Rxc1 26. Rxc1 Bf8 27.
Rc7 g6 28. Rxb7 Bh6 29. Kf2 Rd6 30. Nd7 Rc6 31. Nc5 Bg5 32. g3 a5 33. Rd7 Rc8
34. Rxd5 Bh6 35. Kf3 f5 36. Nd3 a4 37. Ra5 Re8 38. Ne5 Rb8 39. Nc4 Rb4 40. Rc5
Bf8 41. Rc7 Bh6 42. d5 Kf8 43. d6 Bg5 44. Ke2 Bf6 45. Kd3 h5 46. Rc8+ 1-0